000 00602cam a2200181 4500500
005 20260405002053.0
041 _afre
042 _adc
100 1 0 _aMannoni, Olivier
_eauthor
245 0 0 _aKen’ichi Mishima: “Le Japon est en train de dilapider son capital de paix”
260 _c2015.
500 _a49
690 _aAutodéfense
690 _aKen’ichi Mishima
690 _aShinzo Abe
786 0 _nPhilosophie magazine | 93 | 10 | 2015-10-01 | p. 13-13 | 1951-1787
856 4 1 _uhttps://shs.cairn.info/magazine-philosophie-magazine-2015-10-page-13?lang=fr&redirect-ssocas=7080
999 _c2053931
_d2053931